LIBRARY & INFORMATION CENTRE, KCAET, TAVANUR

ONLINE PUBLIC ACCESS CATALOGUE (OPAC)

Standardization of irrigation and fertigation requirement for snake gourd under rain shelter (Record no. 16319)

MARC details
000 -LEADER
fixed length control field 00568nam a22001697a 4500
003 - CONTROL NUMBER IDENTIFIER
control field OSt
082 ## - DEWEY DECIMAL CLASSIFICATION NUMBER
Classification number 631.7
Item number AKS/ST
100 ## - MAIN ENTRY--AUTHOR NAME
Personal name Akshaya, M
100 ## - MAIN ENTRY--AUTHOR NAME
Personal name Amaya, V
100 ## - MAIN ENTRY--AUTHOR NAME
Personal name Anjitha Jacob
100 ## - MAIN ENTRY--AUTHOR NAME
Personal name Jino Joy
245 ## - TITLE STATEMENT
Title Standardization of irrigation and fertigation requirement for snake gourd under rain shelter
260 ## - PUBLICATION, DISTRIBUTION, ETC. (IMPRINT)
Place of publication Tavanur
Name of publisher Department of Soil and Water Conservation Engineering
Year of publication 2020
700 ## - ADDED ENTRY--PERSONAL NAME
Personal name Jinu, A
856 ## - ELECTRONIC LOCATION AND ACCESS
Uniform Resource Identifier https://drive.google.com/file/d/1o7imkcJ9LMTnyCwTvppDoIMjcF5KTMfA/view?usp=sharing
942 ## - ADDED ENTRY ELEMENTS (KOHA)
Koha item type Project Report
Holdings
Collection code Home library Current library Shelving location Full call number Accession Number Koha item type
General Books KAUAET KAUAET Reference 631.7 AKS/ST P 480 Project Report
free website counter